Die of Death Special Rounds - Statistics

General Stats
  • This quiz has been taken 13 times
  • The average score is 4 of 5
Answer Stats
Picture Answer % Correct
One Bounce
100%
Evil Scary
91%
Dienation
82%
Double Trouble
82%
Gunslinger
82%
No matching quizzes found
Score Distribution
Percent of People with Each Score
Percentile by Number Answered
Your Score History
You have not taken this quiz